[Event "CZE-chT2E 1314"]
[Site "Czech Republic"]
[Date "2014.01.05"]
[Round "5.6"]
[White "Hudacek, Josef"]
[Black "Kuncar, Petr"]
[Result "0-1"]
[WhiteElo "2040"]
[BlackElo "2121"]
[PlyCount "70"]
[EventDate "2013.11.03"]
[EventType "team-tourn"]
[EventRounds "11"]
[EventCountry "CZE"]
[SourceTitle "EXT 2016"]
[Source "ChessBase"]
[SourceDate "2015.10.08"]
[SourceVersion "1"]
[SourceVersionDate "2015.10.08"]
[SourceQuality "1"]
[WhiteTeam "Prusanky Podluzan"]
[BlackTeam "Brno Lokomotiva II"]
[WhiteTeamCountry "CZE"]
[BlackTeamCountry "CZE"]

1. e4 c5 2. Ne2 Nc6 3. g3 g6 4. Bg2 Bg7 5. d3 d6 6. 0-0 Nf6 7. Nd2 0-0 8. f4 Bd7 9. h3 Rc8 10. g4 b5 11. c3 Qb6 12. Kh2 Qb8 13. Ng3 a5 14. Nf3 Ne8 15. d4 cxd4 16. cxd4 a4 17. Rf2 Nc7 18. f5 Qa7 19. Be3 d5 20. fxg6 hxg6 21. Qd2 Qa5 22. Qe2 a3 23. b3 dxe4 24. Nxe4 Nd5 25. Ng3 Qc3 26. Re1 Nxe3 27. Qxe3 Qxe3 28. Rxe3 Nxd4 29. Rxe7 Nxf3+ 30. Bxf3 Be6 31. Rb7 Rb8 32. Rxb8 Rxb8 33. Be4 Bb2 34. Bc2 Rc8 35. Nf1 Be5+ 0-1

[Event "CZE-chT2E 1314"]
[Site "Czech Republic"]
[Date "2013.12.15"]
[Round "4.6"]
[White "Kuncar, Petr"]
[Black "Meduna, Eduard1111"]
[Result "0-1"]
[WhiteElo "2121"]
[BlackElo "2083"]
[PlyCount "84"]
[EventDate "2013.11.03"]
[EventType "team-tourn"]
[EventRounds "11"]
[EventCountry "CZE"]
[SourceTitle "EXT 2016"]
[Source "ChessBase"]
[SourceDate "2015.10.08"]
[SourceVersion "1"]
[SourceVersionDate "2015.10.08"]
[SourceQuality "1"]
[WhiteTeam "Brno Lokomotiva II"]
[BlackTeam "Hustopece"]
[WhiteTeamCountry "CZE"]
[BlackTeamCountry "CZE"]

1. Nf3 Nf6 2. b3 b6 3. Bb2 Bb7 4. e3 e6 5. Be2 Be7 6. 0-0 0-0 7. a4 a5 8. d3 d6 9. Nbd2 Nbd7 10. Kh1 d5 11. Ne5 Nxe5 12. Bxe5 Nd7 13. Bb2 Bf6 14. Bxf6 Qxf6 15. f4 e5 16. Bg4 Rad8 17. f5 e4 18. d4 Qg5 19. Rf4 Nf6 20. Be2 c5 21. c3 cxd4 22. cxd4 Rc8 23. Nf1 h5 24. Rc1 h4 25. Qe1 Rxc1 26. Qxc1 Rc8 27. Qd2 Rc7 28. g4 Nh7 29. b4 axb4 30. Qxb4 Qf6 31. a5 bxa5 32. Qxa5 Rc2 33. Qb5 Qc6 34. Qxc6 Bxc6 35. Bd1 Rc1 36. Be2 Ng5 37. Kg2 Rc2 38. Rf2 Ra2 39. Bd1 Ra1 40. Be2 f6 41. Nd2 h3+ 42. Kg3 Rg1+ 0-1

[Event "CZE-chT2E 1213"]
[Site "Czech Republic"]
[Date "2013.03.03"]
[Round "10.5"]
[White "Senkyr, Martin"]
[Black "Kuncar, Petr"]
[Result "1-0"]
[WhiteElo "2171"]
[BlackElo "2130"]
[PlyCount "89"]
[EventDate "2012.10.14"]
[EventType "team-tourn"]
[EventRounds "11"]
[EventCountry "CZE"]
[SourceTitle "EXT 2016"]
[Source "ChessBase"]
[SourceDate "2015.10.08"]
[SourceVersion "1"]
[SourceVersionDate "2015.10.08"]
[SourceQuality "1"]
[WhiteTeam "Zlin II"]
[BlackTeam "Brno Lokomotiva"]
[WhiteTeamCountry "CZE"]
[BlackTeamCountry "CZE"]

1. e4 c5 2. Nf3 e6 3. Nc3 Nc6 4. d4 cxd4 5. Nxd4 Nf6 6. Nxc6 bxc6 7. e5 Nd5 8. Ne4 Qc7 9. f4 Qa5+ 10. c3 Ba6 11. Bd3 Qb6 12. Qe2 Bxd3 13. Qxd3 Be7 14. a3 f5 15. Nf2 Bc5 16. Nd1 a5 17. Rb1 a4 18. c4 Qa6 19. Qe2 Nb6 20. Be3 Qa5+ 21. Kf2 0-0 22. h4 Rfb8 23. Rh3 Nc8 24. Kf1 Rb3 25. Bd2 Qb6 26. Rc1 Bd4 27. Bc3 Rb8 28. Qd2 c5 29. Rd3 Ne7 30. Bxd4 Rxd3 31. Qxd3 cxd4 32. c5 Qb5 33. Qxb5 Rxb5 34. Rc4 Nc6 35. Ke2 Kf7 36. Rxa4 Rxc5 37. Kd3 Kg6 38. b4 Rd5 39. Nf2 Kh5 40. g3 h6 41. Ra8 Kg6 42. Kc4 d6 43. Ra6 dxe5 44. Rxc6 Kf6 45. fxe5+ 1-0

[Event "CZE-chT2E 1213"]
[Site "Czech Republic"]
[Date "2012.12.16"]
[Round "5.5"]
[White "Loubal, Pavel"]
[Black "Kuncar, Petr"]
[Result "1/2-1/2"]
[WhiteElo "2013"]
[BlackElo "2130"]
[PlyCount "67"]
[EventDate "2012.10.14"]
[EventType "team-tourn"]
[EventRounds "11"]
[EventCountry "CZE"]
[SourceTitle "EXT 2016"]
[Source "ChessBase"]
[SourceDate "2015.10.08"]
[SourceVersion "1"]
[SourceVersionDate "2015.10.08"]
[SourceQuality "1"]
[WhiteTeam "Adamov"]
[BlackTeam "Brno Lokomotiva"]
[WhiteTeamCountry "CZE"]
[BlackTeamCountry "CZE"]

1. d4 Nf6 2. c4 c5 3. d5 b5 4. cxb5 a6 5. bxa6 g6 6. Nc3 Bxa6 7. Nf3 Bg7 8. h3 0-0 9. e4 Bxf1 10. Kxf1 d6 11. Kg1 Nbd7 12. Kh2 Qb6 13. Re1 Rab8 14. Re2 Nh5 15. Rc2 Ne5 16. Nxe5 Bxe5+ 17. g3 f5 18. exf5 Rxf5 19. f4 Bxc3 20. bxc3 Rf7 21. c4 Qa6 22. Qd3 Ng7 23. Bb2 Qc8 24. a4 Nf5 25. a5 Qa6 26. g4 Ng7 27. Qc3 Qc8 28. a6 h5 29. gxh5 Qf5 30. Rf2 Qxh5 31. a7 Ra8 32. Qf3 Qxf3 33. Rxf3 e5 34. Rg3 1/2-1/2

[Event "CZE-chT2E 1112"]
[Site "Czech Republic"]
[Date "2012.04.22"]
[Round "11.6"]
[White "Kuncar, Petr"]
[Black "Vavruska, Antonin"]
[Result "0-1"]
[WhiteElo "2124"]
[BlackElo "2137"]
[PlyCount "44"]
[EventDate "2011.10.09"]
[EventType "team-tourn"]
[EventRounds "11"]
[EventCountry "CZE"]
[SourceTitle "EXT 2013"]
[Source "ChessBase"]
[SourceDate "2012.11.22"]
[SourceVersion "1"]
[SourceVersionDate "2012.11.22"]
[SourceQuality "1"]
[WhiteTeam "Brno Lokomotiva II"]
[BlackTeam "Stare Mesto II"]
[WhiteTeamCountry "CZE"]
[BlackTeamCountry "CZE"]

1. e4 e6 2. Nf3 d5 3. e5 c5 4. b4 cxb4 5. a3 Nh6 6. axb4 Bxb4 7. c3 Be7 8. d4 Nf5 9. Bd3 h5 10. 0-0 Nc6 11. Kh1 Bd7 12. Ng1 g5 13. Ba3 a6 14. Qb3 Na5 15. Qa2 Nc4 16. Bxc4 dxc4 17. Rd1 Bc6 18. Qxc4 Rc8 19. Bxe7 Qxe7 20. Qf1 h4 21. c4 Rd8 22. Nc3 Nxd4 0-1

[Event "CZE-chT2E 1112"]
[Site "Czech Republic"]
[Date "2011.12.04"]
[Round "4.5"]
[White "Kuncar, Petr"]
[Black "Loubal, Pavel"]
[Result "1-0"]
[WhiteElo "2124"]
[BlackElo "2023"]
[PlyCount "101"]
[EventDate "2011.10.09"]
[EventType "team-tourn"]
[EventRounds "11"]
[EventCountry "CZE"]
[SourceTitle "EXT 2013"]
[Source "ChessBase"]
[SourceDate "2012.11.22"]
[SourceVersion "1"]
[SourceVersionDate "2012.11.22"]
[SourceQuality "1"]
[WhiteTeam "Brno Lokomotiva II"]
[BlackTeam "Adamov"]
[WhiteTeamCountry "CZE"]
[BlackTeamCountry "CZE"]

1. e4 c5 2. Nf3 Nc6 3. d4 cxd4 4. Nxd4 Nf6 5. Nc3 e6 6. Nxc6 bxc6 7. e5 Nd5 8. Ne4 f5 9. exf6 Nxf6 10. Nd6+ Bxd6 11. Qxd6 Qb6 12. Bd3 Ba6 13. Be3 Qa5+ 14. b4 Qa3 15. Rd1 Qc3+ 16. Bd2 Qa3 17. Bg5 Qc3+ 18. Kf1 Bc4 19. Kg1 Bd5 20. h3 Rf8 21. Be3 Rf7 22. f3 g6 23. Kh2 Ng8 24. Rhe1 Ne7 25. Bc5 Nc8 26. Qg3 Nb6 27. Qc7 Nc4 28. Qb7 Rd8 29. Bxc4 Qxc4 30. Bd6 Qxc2 31. Rxd5 cxd5 32. Qxd5 Qf5 33. Qd4 Qf6 34. Qxa7 Qc3 35. Re3 Qb2 36. a4 Qd2 37. Qb6 Rf5 38. a5 Rd5 39. Bc7 Rc8 40. Rxe6+ Kf7 41. Re4 Rg5 42. Rg4 Rxg4 43. fxg4 Re8 44. a6 Re6 45. Qb7 Re1 46. Qf3+ Kg7 47. Bg3 Re3 48. Qf4 Qc3 49. a7 Re8 50. b5 Qc5 51. Qb8 1-0

[Event "CZE-chT2E 1112"]
[Site "Czech Republic"]
[Date "2011.10.09"]
[Round "1.6"]
[White "Plsek, Pavel"]
[Black "Kuncar, Petr"]
[Result "0-1"]
[WhiteElo "2026"]
[BlackElo "2124"]
[PlyCount "64"]
[EventDate "2011.10.09"]
[EventType "team-tourn"]
[EventRounds "11"]
[EventCountry "CZE"]
[SourceTitle "EXT 2013"]
[Source "ChessBase"]
[SourceDate "2012.11.22"]
[SourceVersion "1"]
[SourceVersionDate "2012.11.22"]
[SourceQuality "1"]
[WhiteTeam "Hostalkova"]
[BlackTeam "Brno Lokomotiva II"]
[WhiteTeamCountry "CZE"]
[BlackTeamCountry "CZE"]

1. Nf3 g6 2. g3 Bg7 3. Bg2 e5 4. Nc3 d5 5. e4 d4 6. Nd5 a5 7. d3 c6 8. c4 cxd5 9. cxd5 Ne7 10. 0-0 0-0 11. Ng5 h6 12. Nh3 Na6 13. f4 f6 14. b3 Qd6 15. Qd2 b6 16. a4 Nb4 17. Ba3 Ba6 18. Bxb4 Qxb4 19. Qxb4 axb4 20. fxe5 fxe5 21. Nf2 Rfc8 22. Rfc1 Rxc1+ 23. Rxc1 Rc8 24. Rxc8+ Nxc8 25. Bf1 h5 26. Nd1 Bh6 27. Nb2 Nd6 28. Kf2 Kf7 29. Ke1 Nb7 30. Nc4 Bxc4 31. bxc4 b3 32. Kd1 Ke7 0-1

[Event "CZE-chT2D 1011"]
[Site "Czech Republic"]
[Date "2011.04.10"]
[Round "11"]
[White "Hajek, Jiri"]
[Black "Kuncar, Petr"]
[Result "1/2-1/2"]
[WhiteElo "2145"]
[BlackElo "2106"]
[PlyCount "75"]
[EventDate "2010.10.17"]
[EventType "team-tourn"]
[EventRounds "11"]
[EventCountry "CZE"]
[SourceTitle "EXT 2012"]
[Source "ChessBase"]
[SourceDate "2011.11.24"]
[SourceVersion "1"]
[SourceVersionDate "2011.11.24"]
[SourceQuality "1"]
[WhiteTeam "Zajecice"]
[BlackTeam "Brno Lokomotiva"]
[WhiteTeamCountry "CZE"]
[BlackTeamCountry "CZE"]

1. d4 f5 2. c4 Nf6 3. Nc3 b6 4. Qc2 Bb7 5. Nf3 e6 6. Bg5 Bb4 7. e3 0-0 8. Be2 h6 9. Bxf6 Qxf6 10. a3 Bxc3+ 11. Qxc3 d6 12. Rc1 Nd7 13. 0-0 Rf7 14. b4 Nf8 15. c5 g5 16. Nd2 Rd8 17. cxd6 cxd6 18. Rc2 h5 19. Rfc1 g4 20. f4 gxf3 21. Bxf3 Bxf3 22. Nxf3 h4 23. Qe1 Ng6 24. Rc7 Rfd7 25. Rxd7 Rxd7 26. Rc8+ Kg7 27. Qc1 Qe7 28. Qc6 e5 29. d5 Kh7 30. Ng5+ Qxg5 31. Qxd7+ Kh6 32. Kf2 f4 33. e4 f3 34. g3 Qd2+ 35. Kxf3 Qd3+ 36. Kf2 Qd2+ 37. Kf3 Qd3+ 38. Kf2 1/2-1/2

[Event "CZE-chT2D 1011"]
[Site "Czech Republic"]
[Date "2011.03.27"]
[Round "10"]
[White "Kuncar, Petr"]
[Black "Pavlis, Jaromir"]
[Result "1/2-1/2"]
[WhiteElo "2106"]
[BlackElo "2072"]
[PlyCount "22"]
[EventDate "2010.10.17"]
[EventType "team-tourn"]
[EventRounds "11"]
[EventCountry "CZE"]
[SourceTitle "EXT 2012"]
[Source "ChessBase"]
[SourceDate "2011.11.24"]
[SourceVersion "1"]
[SourceVersionDate "2011.11.24"]
[SourceQuality "1"]
[WhiteTeam "Brno Lokomotiva"]
[BlackTeam "Trebic Caissa II"]
[WhiteTeamCountry "CZE"]
[BlackTeamCountry "CZE"]

1. e4 d6 2. d4 g6 3. Nc3 Bg7 4. Be3 Nf6 5. f3 Nbd7 6. Qd2 c5 7. Nge2 Qa5 8. h4 b5 9. Nc1 a6 10. g4 Bb7 11. h5 Rg8 1/2-1/2

[Event "CZE-chT2E 0910"]
[Site "Czech Republic"]
[Date "2010.04.18"]
[Round "11.1"]
[White "Kuncar, Petr"]
[Black "Pala, Vladimir"]
[Result "0-1"]
[WhiteElo "2128"]
[BlackElo "2345"]
[PlyCount "124"]
[EventDate "2009.10.18"]
[EventType "team-tourn"]
[EventRounds "11"]
[EventCountry "CZE"]
[SourceTitle "EXT 2012"]
[Source "ChessBase"]
[SourceDate "2011.11.24"]
[SourceVersion "1"]
[SourceVersionDate "2011.11.24"]
[SourceQuality "1"]
[WhiteTeam "Brno Lokomotiva III"]
[BlackTeam "Prostejov"]
[WhiteTeamCountry "CZE"]
[BlackTeamCountry "CZE"]

1. e4 g6 2. d4 Bg7 3. Be3 d6 4. Nc3 Nf6 5. f3 c6 6. a4 Nbd7 7. Bc4 d5 8. Bb3 dxe4 9. fxe4 0-0 10. e5 Nd5 11. Nxd5 cxd5 12. Nf3 Nb6 13. 0-0 Nc4 14. Bxc4 dxc4 15. Qd2 Be6 16. Rad1 Bd5 17. Bg5 Qd7 18. a5 Rac8 19. Qb4 f6 20. Be3 f5 21. Bg5 e6 22. Be7 Rfe8 23. Bc5 Bf8 24. Nd2 Qc6 25. Bxf8 Rxf8 26. Nf3 Rf7 27. Rf2 Rd7 28. Ne1 Rcc7 29. Qa3 Be4 30. c3 g5 31. Nc2 Bxc2 32. Rxc2 Qd5 33. Rf2 h5 34. Qa4 Rc6 35. Ra1 g4 36. Qc2 Rg7 37. Rff1 h4 38. g3 h3 39. a6 Rxa6 40. Rxa6 bxa6 41. Rf2 a5 42. Qa4 Rd7 43. Qc2 Kg7 44. Qa4 a6 45. Qa3 Kf7 46. Qa4 Rb7 47. Qd1 Kg6 48. Qa4 Rb5 49. Qa3 Kf7 50. Qa4 Rb3 51. Re2 Qb5 52. Qa1 a4 53. d5 a3 54. dxe6+ Kxe6 55. Qc1 Qc5+ 56. Kf1 Rxb2 57. Qh6+ Kd5 58. Rd2+ Rxd2 59. Qxd2+ Kxe5 60. Qf4+ Ke6 61. Qh6+ Kd5 62. Qxa6 Ke4 0-1

[Event "CZE-chT2E 0910"]
[Site "Czech Republic"]
[Date "2010.01.17"]
[Round "5.4"]
[White "Kuncar, Petr"]
[Black "Koutny, Petr"]
[Result "0-1"]
[WhiteElo "2128"]
[BlackElo "2110"]
[PlyCount "112"]
[EventDate "2009.10.18"]
[EventType "team-tourn"]
[EventRounds "11"]
[EventCountry "CZE"]
[SourceTitle "EXT 2012"]
[Source "ChessBase"]
[SourceDate "2011.11.24"]
[SourceVersion "1"]
[SourceVersionDate "2011.11.24"]
[SourceQuality "1"]
[WhiteTeam "Brno Lokomotiva III"]
[BlackTeam "Zlin II"]
[WhiteTeamCountry "CZE"]
[BlackTeamCountry "CZE"]

1. d4 d5 2. Nc3 c5 3. e4 dxe4 4. d5 Nf6 5. Bg5 Nbd7 6. f3 e3 7. Bxe3 g6 8. Qd2 Bg7 9. 0-0-0 a6 10. Bh6 Bxh6 11. Qxh6 b5 12. d6 b4 13. dxe7 Qxe7 14. Nh3 Bb7 15. Bxa6 Rxa6 16. Nb5 Kd8 17. Qf4 Ne8 18. Qb8+ Bc8 19. Rxd7+ Kxd7 20. Na7 Nd6 21. Rd1 Qe3+ 22. Kb1 Qe2 23. Nf2 Ke6 24. Nxc8 Nxc8 25. Qg3 Rd6 26. Rc1 Rhd8 27. Ne4 Rd5 28. Qh4 f5 29. Nxc5+ Kf7 30. Qxh7+ Kf6 31. Qh4+ Kg7 32. Qxb4 Rd1 33. Qc3+ Kh7 34. Nd3 Rxc1+ 35. Nxc1 Qe7 36. a4 Nb6 37. b3 Rc8 38. Qd4 Qc7 39. Qh4+ Kg8 40. c4 Qe5 41. Qg3 Qf6 42. Qf2 Nd7 43. Qb2 Qd6 44. Qe2 Nc5 45. Kc2 Rd8 46. h4 Ne6 47. Qd3 Qg3 48. Qf1 Nc5 49. h5 gxh5 50. Qe2 Qd6 51. Qe3 f4 52. Qe2 Qg6+ 53. Kc3 Qb1 54. Qc2 Qa1+ 55. Kb4 Rb8+ 56. Ka5 Qf6 0-1

[Event "CZE-chT2E 0910"]
[Site "Czech Republic"]
[Date "2009.10.18"]
[Round "1.4"]
[White "Kuncar, Petr"]
[Black "Dvorak, Martin"]
[Result "0-1"]
[WhiteElo "2128"]
[BlackElo "2093"]
[PlyCount "52"]
[EventDate "2009.10.18"]
[EventType "team-tourn"]
[EventRounds "11"]
[EventCountry "CZE"]
[SourceTitle "EXT 2012"]
[Source "ChessBase"]
[SourceDate "2011.11.24"]
[SourceVersion "1"]
[SourceVersionDate "2011.11.24"]
[SourceQuality "1"]
[WhiteTeam "Brno Lokomotiva III"]
[BlackTeam "Holesov"]
[WhiteTeamCountry "CZE"]
[BlackTeamCountry "CZE"]

1. e4 c5 2. b4 cxb4 3. a3 e5 4. Bb2 Nc6 5. Nf3 Qc7 6. Bb5 d6 7. axb4 Nf6 8. Qe2 Bd7 9. c3 Be7 10. 0-0 0-0 11. Na3 Rfe8 12. Bc4 Nd8 13. d3 Bf8 14. Nc2 b5 15. Bb3 Be6 16. Bxe6 Nxe6 17. Ne3 Nf4 18. Qc2 d5 19. Nd2 Rac8 20. exd5 Bxb4 21. Ne4 Bc5 22. d6 Bxd6 23. Nxf6+ gxf6 24. g3 Ne6 25. Nd5 Qd8 26. Rxa7 Bc5 0-1

[Event "CZE-chT2E 0809"]
[Site "Czech Republic"]
[Date "2009.03.22"]
[Round "10.6"]
[White "Kuncar, Petr"]
[Black "Fiala, Vlastimil"]
[Result "1-0"]
[WhiteElo "2119"]
[BlackElo "1997"]
[PlyCount "53"]
[EventDate "2008.10.12"]
[EventType "team-tourn"]
[EventRounds "11"]
[EventCountry "CZE"]
[SourceTitle "EXT 2010"]
[Source "ChessBase"]
[SourceDate "2010.11.25"]
[SourceVersion "1"]
[SourceVersionDate "2010.11.25"]
[SourceQuality "1"]
[WhiteTeam "Brno Lokomotiva III"]
[BlackTeam "Olomouc"]
[WhiteTeamCountry "CZE"]
[BlackTeamCountry "CZE"]

1. d4 f5 2. Nc3 d5 3. f3 Nf6 4. Bg5 Nbd7 5. Nh3 c6 6. Qd3 Qb6 7. 0-0-0 e5 8. Bxf6 gxf6 9. Qxf5 exd4 10. Qh5+ Kd8 11. Nxd5 cxd5 12. Qxd5 Bd6 13. e3 Kc7 14. exd4 Nb8 15. Qf7+ Bd7 16. c4 Nc6 17. c5 Bxc5 18. dxc5 Qxc5+ 19. Kb1 Rad8 20. Rd5 Qe3 21. Bb5 Kc8 22. Qxf6 Bxh3 23. Bxc6 Bxg2 24. Bxb7+ Kxb7 25. Rb5+ Qb6 26. Rxb6+ axb6 27. Qg7+ 1-0

[Event "CZE-chT2E 0809"]
[Site "Czech Republic"]
[Date "2008.12.21"]
[Round "5.5"]
[White "Kuncar, Petr"]
[Black "Koci, Slavomir"]
[Result "1/2-1/2"]
[WhiteElo "2119"]
[BlackElo "1911"]
[PlyCount "39"]
[EventDate "2008.10.12"]
[EventType "team-tourn"]
[EventRounds "11"]
[EventCountry "CZE"]
[SourceTitle "EXT 2010"]
[Source "ChessBase"]
[SourceDate "2010.11.25"]
[SourceVersion "1"]
[SourceVersionDate "2010.11.25"]
[SourceQuality "1"]
[WhiteTeam "Brno Lokomotiva III"]
[BlackTeam "Sumperk"]
[WhiteTeamCountry "CZE"]
[BlackTeamCountry "CZE"]

1. d4 Nf6 2. Nc3 g6 3. e4 d6 4. f3 Bg7 5. Be3 0-0 6. Qd2 e5 7. Nge2 Nc6 8. 0-0-0 a6 9. h4 h5 10. Bh6 exd4 11. Bxg7 Kxg7 12. Nxd4 Ne5 13. f4 Neg4 14. f5 b5 15. fxg6 fxg6 16. Re1 Ne5 17. Nf3 Nfg4 18. Be2 Be6 19. Ng5 Bg8 20. Rhf1 1/2-1/2

[Event "CZE-chT2E 0809"]
[Site "Czech Republic"]
[Date "2008.10.12"]
[Round "1.4"]
[White "Kuncar, Petr"]
[Black "Svoboda, Karel"]
[Result "1/2-1/2"]
[WhiteElo "2119"]
[BlackElo "2031"]
[PlyCount "99"]
[EventDate "2008.10.12"]
[EventType "team-tourn"]
[EventRounds "11"]
[EventCountry "CZE"]
[SourceTitle "EXT 2010"]
[Source "ChessBase"]
[SourceDate "2010.11.25"]
[SourceVersion "1"]
[SourceVersionDate "2010.11.25"]
[SourceQuality "1"]
[WhiteTeam "Brno Lokomotiva III"]
[BlackTeam "Brno Lokomotiva II"]
[WhiteTeamCountry "CZE"]
[BlackTeamCountry "CZE"]

1. d4 d5 2. Nc3 Nf6 3. Bg5 c6 4. f3 Qa5 5. Qd2 Nbd7 6. e4 dxe4 7. fxe4 e6 8. Nf3 Bb4 9. Bd3 0-0 10. 0-0 c5 11. a3 Bxc3 12. bxc3 cxd4 13. cxd4 Qxd2 14. Nxd2 b6 15. Nc4 Ba6 16. Nd6 Bxd3 17. cxd3 h6 18. Bh4 Ne8 19. Be7 Nxd6 20. Bxd6 Rfc8 21. Rac1 Nf6 22. Bb4 a5 23. Bc3 Rc7 24. Bb2 Rac8 25. Rxc7 Rxc7 26. Rc1 Rxc1+ 27. Bxc1 Nd7 28. Bf4 Kf8 29. Bc7 a4 30. Bd6+ Ke8 31. Kf2 Nf6 32. Ke2 Kd7 33. Bf8 Ne8 34. Kd2 h5 35. Kc3 Kc6 36. Kc4 Nf6 37. Bxg7 Ng4 38. d5+ exd5+ 39. exd5+ Kd7 40. Bd4 Nxh2 41. Bxb6 Ng4 42. Kb5 Ne5 43. Kxa4 Nxd3 44. Kb5 Nf4 45. Kc4 Nxg2 46. a4 Nf4 47. a5 Nxd5 48. Kxd5 Kc8 49. a6 Kb8 50. Ke5 1/2-1/2

[Event "Brno Trade op"]
[Site "Brno"]
[Date "2007.09.01"]
[Round "7"]
[White "Dubina, Pavel"]
[Black "Kuncar, Petr"]
[Result "1-0"]
[WhiteElo "2064"]
[BlackElo "2133"]
[PlyCount "73"]
[EventDate "2007.08.26"]
[EventType "swiss"]
[EventRounds "7"]
[EventCountry "CZE"]
[SourceTitle "EXT 2008"]
[Source "ChessBase"]
[SourceDate "2007.11.25"]
[SourceVersion "1"]
[SourceVersionDate "2007.11.25"]
[SourceQuality "1"]

1. d4 d5 2. c4 e6 3. Nc3 c5 4. e3 Nf6 5. Nf3 Nc6 6. Be2 a6 7. cxd5 exd5 8. 0-0 Be7 9. a3 0-0 10. dxc5 Bxc5 11. b4 Ba7 12. Bb2 Re8 13. Na4 Ne4 14. Nd4 Ne5 15. Rc1 Qd6 16. f3 Nf6 17. Nc5 Bb8 18. f4 Ng6 19. Qd3 Qe7 20. Nc2 Nxf4 21. exf4 Qxe2 22. Qb3 Ne4 23. Qxd5 Ba7 24. Qd4 Bxc5 25. bxc5 Qg4 26. Ne3 Qg6 27. f5 Qf6 28. Nd5 Qxd4+ 29. Bxd4 Bd7 30. Nc7 f6 31. Nxa8 Rxa8 32. g4 Kf7 33. Be3 Rd8 34. Rfd1 Ke8 35. Bf4 Rc8 36. Re1 Bc6 37. Rc4 1-0

[Event "Brno Trade op"]
[Site "Brno"]
[Date "2007.08.29"]
[Round "4"]
[White "Kuncar, Petr"]
[Black "Svoboda, Karel"]
[Result "1/2-1/2"]
[WhiteElo "2133"]
[BlackElo "1893"]
[PlyCount "37"]
[EventDate "2007.08.26"]
[EventType "swiss"]
[EventRounds "7"]
[EventCountry "CZE"]
[SourceTitle "EXT 2008"]
[Source "ChessBase"]
[SourceDate "2007.11.25"]
[SourceVersion "1"]
[SourceVersionDate "2007.11.25"]
[SourceQuality "1"]

1. d4 d5 2. Nc3 Nf6 3. Bg5 e6 4. e4 dxe4 5. Nxe4 Be7 6. Bxf6 Bxf6 7. Nf3 Nd7 8. c3 0-0 9. Bd3 b6 10. Qe2 Bb7 11. 0-0-0 Be7 12. h4 Nf6 13. Neg5 h6 14. Ne5 Bd6 15. Qc2 Qe7 16. Bh7+ Kh8 17. Bg6 Bxe5 18. dxe5 fxg6 19. exf6 1/2-1/2

[Event "Brno Trade op"]
[Site "Brno"]
[Date "2007.08.27"]
[Round "2"]
[White "Kuncar, Petr"]
[Black "Drab, Tomas"]
[Result "1/2-1/2"]
[WhiteElo "2133"]
[BlackElo "1877"]
[PlyCount "25"]
[EventDate "2007.08.26"]
[EventType "swiss"]
[EventRounds "7"]
[EventCountry "CZE"]
[SourceTitle "EXT 2008"]
[Source "ChessBase"]
[SourceDate "2007.11.25"]
[SourceVersion "1"]
[SourceVersionDate "2007.11.25"]
[SourceQuality "1"]

1. e4 e5 2. Bc4 Nf6 3. Nc3 Nc6 4. d3 Bb4 5. Bg5 h6 6. Bxf6 Bxc3+ 7. bxc3 Qxf6 8. Ne2 d6 9. d4 g5 10. Rb1 Ne7 11. Qd3 Ng6 12. a4 a5 13. Ba2 1/2-1/2

[Event "Havlickuv Brod op-A"]
[Site "Havlickuv Brod"]
[Date "2005.10.01"]
[Round "8"]
[White "Kozak, Milos"]
[Black "Kuncar, Petr"]
[Result "1/2-1/2"]
[WhiteElo "2247"]
[BlackElo "2119"]
[PlyCount "31"]
[EventDate "2005.09.24"]
[EventType "swiss"]
[EventRounds "9"]
[EventCountry "CZE"]
[SourceTitle "CBM 108 Extra"]
[Source "ChessBase"]
[SourceDate "2005.11.04"]
[SourceVersion "1"]
[SourceVersionDate "2005.11.04"]
[SourceQuality "1"]

1. d4 Nf6 2. c4 c5 3. d5 b5 4. cxb5 a6 5. bxa6 d6 6. e4 Bxa6 7. Bxa6 Rxa6 8. Nc3 g6 9. Nf3 Bg7 10. 0-0 Nbd7 11. h3 0-0 12. Qe2 Rb6 13. Rd1 Qb8 14. Nd2 Rb4 15. Rb1 Ne8 16. Nb3 1/2-1/2

[Event "Havlickuv Brod op-A"]
[Site "Havlickuv Brod"]
[Date "2005.09.24"]
[Round "1"]
[White "Kuncar, Petr"]
[Black "Jirka, Jiri"]
[Result "1/2-1/2"]
[WhiteElo "2119"]
[BlackElo "2391"]
[PlyCount "102"]
[EventDate "2005.09.24"]
[EventType "swiss"]
[EventRounds "9"]
[EventCountry "CZE"]
[SourceTitle "CBM 108 Extra"]
[Source "ChessBase"]
[SourceDate "2005.11.04"]
[SourceVersion "1"]
[SourceVersionDate "2005.11.04"]
[SourceQuality "1"]

1. e4 e5 2. Nc3 Nc6 3. Bc4 Nf6 4. d3 Na5 5. Bg5 Nxc4 6. dxc4 Bb4 7. Nge2 h6 8. Bh4 a5 9. a3 Bc5 10. Qd3 d6 11. Nd5 g5 12. Bg3 Nh5 13. 0-0-0 c6 14. Ndc3 Be6 15. Na4 Nxg3 16. Nxg3 Bxf2 17. Nf5 Bxf5 18. exf5 Bd4 19. Qe2 0-0 20. c3 Ba7 21. c5 d5 22. Rdf1 Qf6 23. h4 Kg7 24. Kb1 Rh8 25. Qg4 e4 26. Rh3 Rae8 27. Rfh1 e3 28. hxg5 hxg5 29. Rh5 Rxh5 30. Rxh5 Re4 31. Rxg5+ Kf8 32. Qg3 Re5 33. Rg8+ Ke7 34. Ra8 e2 35. Qg8 Qxf5+ 36. Ka2 Kf6 37. Rf8 Re7 38. g4 Qg5 39. Qh8+ Ke6 40. Rg8 Qxg8 41. Qxg8 e1Q 42. Qc8+ Kf6 43. Qf5+ Kg7 44. Qg5+ Kf8 45. Qh6+ Kg8 46. Qg5+ Kf8 47. Qh6+ Ke8 48. Qh8+ Kd7 49. Qa8 Qe2 50. Qxb7+ Kd8 51. Qa8+ Kd7 1/2-1/2

[Event "Stare Mesto op"]
[Site "Stare Mesto"]
[Date "2005.08.15"]
[Round "5"]
[White "Kuncar, Petr"]
[Black "Gschwendtner, Stanislav"]
[Result "1/2-1/2"]
[WhiteElo "2119"]
[BlackElo "2165"]
[PlyCount "108"]
[EventDate "2005.08.12"]
[EventType "swiss"]
[EventRounds "9"]
[EventCountry "CZE"]
[SourceTitle "EXT 2006"]
[Source "ChessBase"]
[SourceDate "2005.11.24"]
[SourceVersion "1"]
[SourceVersionDate "2005.11.24"]
[SourceQuality "1"]

1. e4 c5 2. b4 cxb4 3. a3 d5 4. e5 bxa3 5. d4 Nc6 6. c3 Bf5 7. Bd3 Bxd3 8. Qxd3 e6 9. Ne2 Nge7 10. h4 Na5 11. Nxa3 Nec6 12. Rb1 a6 13. Nc2 b5 14. Bg5 Qc7 15. h5 h6 16. Bh4 Nc4 17. f4 Be7 18. f5 Bxh4+ 19. Rxh4 0-0-0 20. fxe6 Qe7 21. Qh3 Qxe6 22. Qxe6+ fxe6 23. Nf4 Rhe8 24. Ke2 Rd7 25. Ne1 b4 26. Kd3 a5 27. Nc2 Rb7 28. cxb4 axb4 29. Na1 Ra7 30. Rhh1 Ra2 31. Nc2 Nb2+ 32. Ke3 Nc4+ 33. Kd3 Kd7 34. Nxb4 Nb2+ 35. Kc3 Na4+ 36. Kd3 Ra3+ 37. Kd2 Nxd4 38. Nfd3 Nb6 39. Nc5+ Ke7 40. Ncd3 Nc4+ 41. Ke1 Rea8 42. Kf2 Rf8+ 43. Kg1 Nd2 44. Rd1 Ne2+ 45. Kh2 Rf5 46. g4 Nf3+ 47. Kg2 Rf8 48. Ra1 Nh4+ 49. Kh3 Rxa1 50. Rxa1 Nf3 51. Ra7+ Ke8 52. Rxg7 Ng5+ 53. Kh2 Nd4 54. Rg6 Nf7 1/2-1/2